[Event "Superbet ROM Classic 2024"]
[Site "Bucharest ROU"]
[Date "2024.06.26"]
[Round "1"]
[White "Firouzja,Alireza"]
[Black "Caruana,F"]
[Result "0-1"]
[WhiteElo "2737"]
[BlackElo "2805"]
[EventDate "2024.06.25"]

1. d4 Nf6 2. Bf4 b6 3. c4 Bb7 4. Nc3 d6 5. Nf3 g6 6. d5 Bg7 7. e4 O-O 8.
Bd3 e5 9. Bd2 a5 10. a3 Na6 11. Bc2 c5 12. Bg5 h6 13. Be3 Nc7 14. h3 Bc8
15. Qd2 Kh7 16. g4 Rb8 17. g5 hxg5 18. Bxg5 b5 19. h4 Bg4 20. Bd1 Qd7 21.
h5 Nxh5 22. Nh4 Bxd1 23. Qxd1 Rh8 24. Nf5 gxf5 25. Qxh5+ Kg8 26. Qf3 Rxh1+
27. Qxh1 f6 28. Bd2 b4 29. axb4 axb4 30. Ne2 f4 31. Ng1 Qg4 32. Kf1 Ra8 33.
Rxa8+ Nxa8 34. Qf3 f5 35. Qxg4 fxg4 36. f3 Nb6 37. b3 Nd7 38. Be1 gxf3 39.
Nxf3 Nf6 40. Nd2 Kf7 41. Kg2 Ng4 42. Kf3 Ne3 43. Bf2 Nc2 44. Kg4 Kg6 45.
Nf3 Na1 46. Nd2 Bf6 47. Bg1 Be7 48. Bf2 Bg5 49. Be1 Bd8 50. Bf2 Be7 51. Bg1
Bg5 52. Bf2 Bh6 53. Bh4 f3 54. Nxf3 Kf7 55. Bg3 Nxb3 56. Bxe5 dxe5 57.
Nxe5+ Ke7 58. Nd3 Be3 59. e5 Nd2 0-1

[Event "Superbet ROM Classic 2024"]
[Site "Bucharest ROU"]
[Date "2024.06.26"]
[Round "1"]
[White "Abdusattorov,Nodirbek"]
[Black "Praggnanandhaa,R"]
[Result "1/2-1/2"]
[WhiteElo "2766"]
[BlackElo "2747"]
[EventDate "2024.06.25"]

1. e4 e5 2. Nf3 Nc6 3. Bb5 a6 4. Ba4 Nf6 5. O-O Bc5 6. c3 b5 7. Bb3 d6 8.
a4 b4 9. d4 Ba7 10. dxe5 Nxe5 11. Nxe5 dxe5 12. Qc2 O-O 13. cxb4 Rb8 14. b5
axb5 15. axb5 Bd4 16. Nc3 Bd7 17. Bc4 Bxc3 18. bxc3 Bxb5 19. Rd1 Qc8 20.
Bb3 Bd7 21. Ra5 Qb7 22. Bc4 Bc6 23. Bf1 Bxe4 24. Qe2 Rfe8 25. Bg5 Qc6 26.
Qe3 Qb6 27. Qxb6 cxb6 28. Ra7 h6 29. Bh4 Rbd8 30. Re1 Bd3 31. Rb7 Bxf1 32.
Kxf1 Rd6 33. Bxf6 Rxf6 34. h4 g6 35. g3 Rc6 36. Re3 Ree6 37. Rf3 Rf6 38.
Re3 Kg7 39. Re7 Rfe6 40. Rxe5 Rxe7 41. Rxe7 Rxc3 42. Rb7 Rb3 43. Kg2 h5 44.
Rc7 Kf6 45. f3 Rb4 46. Kh3 b5 47. Rb7 Rb3 48. Kg2 Rb2+ 49. Kh3 Rb3 50. Kg2
Rb2+ 51. Kh3 b4 52. g4 b3 53. gxh5 gxh5 54. Rb5 Rb1 55. Kg3 Ke6 56. Kf4 b2
57. Rb6+ Kd5 58. Kf5 Kd4 59. f4 Kc3 60. Rc6+ Kd2 61. Rb6 Kc3 62. Rc6+ Kd2
63. Rb6 Kc3 64. Rc6+ 1/2-1/2

[Event "Superbet ROM Classic 2024"]
[Site "Bucharest ROU"]
[Date "2024.06.26"]
[Round "1"]
[White "Vachier Lagrave,M"]
[Black "Nepomniachtchi,I"]
[Result "1/2-1/2"]
[WhiteElo "2732"]
[BlackElo "2770"]
[EventDate "2024.06.25"]

1. e4 e5 2. Nf3 Nf6 3. Nxe5 d6 4. Nf3 Nxe4 5. d4 d5 6. Bd3 Bd6 7. O-O O-O
8. Re1 Bf5 9. c4 c6 10. Qb3 Qd7 11. c5 Bc7 12. Nbd2 Re8 13. Nh4 Be6 14. Qc2
Na6 15. a3 Bg4 16. Nxe4 dxe4 17. Rxe4 Rxe4 18. Bxe4 Qxd4 19. Be3 Qf6 20.
Bxh7+ Kh8 21. g3 g6 22. Qe4 Qe6 23. Bxg6 fxg6 24. Nxg6+ Kg7 25. Bd4+ Kf7
26. Ne5+ Bxe5 27. Bxe5 Bf5 28. Qf4 Nxc5 29. Rd1 Re8 30. Bc3 Ne4 31. g4 Nxc3
32. bxc3 Rg8 33. h3 Qf6 34. Qc7+ Qe7 35. Qf4 Qf6 36. Qc7+ Qe7 37. Qf4 Qf6
1/2-1/2

[Event "Superbet ROM Classic 2024"]
[Site "Bucharest ROU"]
[Date "2024.06.26"]
[Round "1"]
[White "Giri,A"]
[Black "So,W"]
[Result "1/2-1/2"]
[WhiteElo "2745"]
[BlackElo "2757"]
[EventDate "2024.06.25"]

1. d4 Nf6 2. c4 e6 3. Nf3 d5 4. g3 Be7 5. Bg2 O-O 6. O-O dxc4 7. Qc2 a6 8.
a4 Bd7 9. Qxc4 Bc6 10. Bf4 a5 11. Nc3 Nbd7 12. Qb3 Bd6 13. Bd2 Ne4 14. Nxe4
Bxe4 15. Ng5 Bxg2 16. Kxg2 h6 17. Nf3 b6 18. Rad1 Qe7 19. e4 Bb4 20. Bxb4
Qxb4 21. Qxb4 axb4 22. b3 c5 23. Rc1 cxd4 24. Nxd4 Nc5 25. Rc4 Rfd8 26. Rb1
Rac8 27. Rbc1 Ra8 28. Rb1 Rac8 29. Rbc1 Ra8 30. Rb1 1/2-1/2

[Event "Superbet ROM Classic 2024"]
[Site "Bucharest ROU"]
[Date "2024.06.27"]
[Round "2"]
[White "Nepomniachtchi,I"]
[Black "Gukesh,D"]
[Result "1/2-1/2"]
[WhiteElo "2770"]
[BlackElo "2763"]
[EventDate "2024.06.25"]

1. e4 e5 2. Nf3 Nc6 3. Bb5 a6 4. Ba4 Bc5 5. O-O Nge7 6. c3 Ng6 7. d4 Ba7 8.
Bg5 f6 9. Be3 O-O 10. Re1 Kh8 11. h3 Nce7 12. Bb3 d6 13. Nbd2 exd4 14. Nxd4
d5 15. Nc2 Bxe3 16. Nxe3 dxe4 17. Nxe4 b6 18. Qc2 Bb7 19. Rad1 Qe8 20. c4
Qc6 21. Nd5 Nxd5 22. cxd5 Qxc2 23. Bxc2 Rad8 24. d6 Bxe4 25. Bxe4 Rxd6 26.
Rxd6 cxd6 27. Rc1 Nf4 28. Rc6 d5 29. Bf3 Rb8 30. Rd6 a5 31. b3 f5 32. h4 g6
33. g3 Nd3 34. Rxd5 Nb4 35. Rd2 Rc8 36. a3 Nc2 37. Rd6 Rc3 38. Bd1 Nxa3 39.
Rxb6 Rc1 40. Rd6 Nb5 41. Rd8+ Kg7 42. Kg2 Nc3 43. Bf3 a4 44. Rd7+ Kh8 45.
bxa4 Nxa4 46. h5 Nc5 47. Re7 gxh5 48. Bxh5 Nb3 49. Rd7 Rc4 50. Bf7 Rb4 51.
Kh3 f4 52. g4 Nc5 53. Rd8+ Kg7 54. Bd5 h6 55. Rg8+ Kh7 56. Rf8 Rd4 57. Rf5
Nd3 58. Kg2 Kg7 59. Kf3 Ne1+ 60. Ke2 Nc2 61. Bb3 Nb4 62. Bf7 Nc6 63. Bh5
Nd8 64. Kf1 Rb4 65. Kg2 Rd4 66. Ra5 Ne6 67. Ra7+ Kf6 68. Ra6 Ke5 69. Ra5+
Rd5 70. Ra8 Kf6 71. Ra6 Ke7 72. Bg6 Rg5 73. Bf5 Nd4 74. Bc8 h5 75. Ra4 Nc6
76. Kf3 hxg4+ 77. Kxf4 Rb5 78. Ra6 Nb4 79. Ra7+ Kf6 80. Bxg4 Nd3+ 81. Kg3
Rb3 82. Ra6+ Kg5 83. f3 Ne5 84. Ra5 Kf6 85. Bh5 Kf5 86. Bg4+ Kf6 87. Ra6+
Kg5 88. Ra5 Kf6 89. Ra6+ Kg5 90. Ra5 1/2-1/2

[Event "Superbet ROM Classic 2024"]
[Site "Bucharest ROU"]
[Date "2024.06.27"]
[Round "2"]
[White "Deac,Bogdan-Daniel"]
[Black "Giri,A"]
[Result "1/2-1/2"]
[WhiteElo "2680"]
[BlackElo "2745"]
[EventDate "2024.06.25"]

1. Nf3 d5 2. d4 Nf6 3. c4 c6 4. Nc3 dxc4 5. a4 Bf5 6. e3 e6 7. Bxc4 Bb4 8.
O-O O-O 9. Qe2 Bg6 10. Ne5 Nbd7 11. Nxg6 hxg6 12. Rd1 Qc7 13. Bd2 Rad8 14.
h3 Nb6 15. Bb3 a5 16. Qd3 Qe7 17. Rac1 Rfe8 18. Qc2 Rd7 19. Nb1 g5 20. Bxb4
Qxb4 21. Nd2 g4 22. hxg4 Nxg4 23. Qc5 Qxc5 24. Rxc5 Ra8 25. Kf1 g6 26. Ke2
Kg7 27. Rg5 Nf6 28. Nf3 Ne4 29. Rg4 Nf6 30. Rh4 Rdd8 31. Ng5 Rh8 32. Rdh1
Rxh4 33. Rxh4 Nbd7 34. e4 Nf8 35. e5 Ng8 36. Rf4 Nh6 37. Bc2 Rd8 38. g4 Nh7
39. Nf3 Ng8 40. Re4 Ne7 41. Bb3 b5 42. Re3 Rb8 43. axb5 Rxb5 44. Kd1 a4 45.
Bxa4 Rxb2 46. Bc2 Rb7 47. Rc3 Kh6 48. Ke2 Rb2 49. Kd1 Rb7 50. Ke2 Rb2 51.
Kd1 Rb7 1/2-1/2

[Event "Superbet ROM Classic 2024"]
[Site "Bucharest ROU"]
[Date "2024.06.27"]
[Round "2"]
[White "Caruana,F"]
[Black "So,W"]
[Result "1/2-1/2"]
[WhiteElo "2805"]
[BlackElo "2757"]
[EventDate "2024.06.25"]

1. c4 e5 2. d3 Nf6 3. Nf3 Nc6 4. a3 g6 5. g3 Bg7 6. Bg2 d5 7. cxd5 Nxd5 8.
O-O O-O 9. Bd2 a5 10. Nc3 Nf6 11. Rc1 Re8 12. Nb5 h6 13. Be3 Nd5 14. Bc5
Nb8 15. e4 Nf6 16. a4 b6 17. Ba3 Na6 18. d4 Bb7 19. Nxe5 Bxe4 20. Bxe4 Nxe4
21. Nxf7 Qd5 22. Ne5 Ng5 23. h4 Rxe5 24. dxe5 Nf3+ 25. Kh1 Qb7 26. Rc3 Nd2+
27. Kh2 Nxf1+ 28. Qxf1 Qe4 29. f4 Rd8 30. Qc4+ Qxc4 31. Rxc4 c5 32. h5 gxh5
33. Re4 Bf8 34. Kg2 Kf7 35. f5 Be7 36. b3 Nb4 37. Bc1 Bg5 38. Nd6+ Ke7 39.
Bf4 Nc6 40. Nb5 Nd4 41. f6+ Kf7 42. Nxd4 cxd4 43. e6+ Kxf6 44. Bc7 Re8 45.
Bxb6 d3 46. Bxa5 d2 47. Rd4 Rxe6 48. Kf3 Re3+ 49. Kf2 Rxb3 50. Bxd2 Bxd2
51. Rxd2 Ra3 52. Rd4 Kg5 53. Kg2 Ra1 54. Rd5+ Kg4 55. Rd4+ Kg5 56. Rd5+ Kg4
57. Rd4+ Kg5 1/2-1/2

[Event "Superbet ROM Classic 2024"]
[Site "Bucharest ROU"]
[Date "2024.06.27"]
[Round "2"]
[White "Praggnanandhaa,R"]
[Black "Vachier Lagrave,M"]
[Result "1/2-1/2"]
[WhiteElo "2747"]
[BlackElo "2732"]
[EventDate "2024.06.25"]

1. e4 c5 2. Nf3 Nc6 3. Bb5 g6 4. O-O Bg7 5. Bxc6 bxc6 6. Re1 Qc7 7. d3 e5
8. c3 Nf6 9. d4 cxd4 10. cxd4 exd4 11. Qxd4 O-O 12. e5 Nd5 13. Nc3 Nxc3 14.
Qxc3 d5 15. h3 Re8 16. Bf4 Be6 17. Rac1 Rac8 18. Nd4 Qb7 19. Nb3 d4 20.
Nxd4 Bxa2 21. Nxc6 Be6 22. Red1 Bf8 23. Qf3 Qxb2 24. Nxa7 Rxc1 25. Rxc1 Qa3
26. Qc6 Rb8 27. Qc7 Rb4 28. Be3 Rb3 29. Re1 Rc3 30. Qb6 Rb3 31. Qc7 Rc3 32.
Qb6 Rb3 33. Qd4 Rd3 34. Qa1 Qxa1 35. Rxa1 h6 36. Nc6 Bd5 37. Ra6 Ra3 38.
Rb6 Rb3 39. Rxb3 Bxb3 40. Nd4 Bc4 41. g4 h5 42. gxh5 gxh5 43. Kg2 Kh7 44.
Kg3 Kg6 45. f4 Be6 46. Kg2 Bd7 47. Kg3 Be6 48. Kg2 Bd7 49. Kg3 Be6 1/2-1/2

[Event "Superbet ROM Classic 2024"]
[Site "Bucharest ROU"]
[Date "2024.06.27"]
[Round "2"]
[White "Firouzja,Alireza"]
[Black "Abdusattorov,Nodirbek"]
[Result "1-0"]
[WhiteElo "2737"]
[BlackElo "2766"]
[EventDate "2024.06.25"]

1. d4 d5 2. c4 c6 3. cxd5 cxd5 4. Bf4 Nf6 5. e3 Nc6 6. Bb5 Bd7 7. Nc3 a6 8.
Be2 e6 9. Nf3 Be7 10. h3 O-O 11. O-O Qb6 12. a3 Rfc8 13. Na4 Qa7 14. b4 b6
15. Qb3 Ne4 16. Bd3 Qb7 17. Bxe4 dxe4 18. Nd2 b5 19. Nc3 a5 20. Ncxe4 Ra6
21. Nc5 Bxc5 22. bxc5 e5 23. dxe5 Be6 24. Qb2 b4 25. Ne4 Rb8 26. a4 b3 27.
Nd6 Qa7 28. Rfc1 Rb4 29. e4 Nd4 30. Be3 Nc2 31. Rxc2 bxc2 32. Qxc2 Qd7 33.
Bd2 Rb8 34. f4 Bxh3 35. gxh3 Qxh3 36. Qc3 Qg4+ 37. Kf2 Rc6 38. Nf5 1-0

[Event "Superbet ROM Classic 2024"]
[Site "Bucharest ROU"]
[Date "2024.06.28"]
[Round "3"]
[White "Vachier Lagrave,M"]
[Black "Firouzja,Alireza"]
[Result "1/2-1/2"]
[WhiteElo "2732"]
[BlackElo "2737"]
[EventDate "2024.06.25"]

1. e4 e5 2. Nf3 Nc6 3. Bb5 Nf6 4. O-O Nxe4 5. d4 Nd6 6. Bxc6 dxc6 7. dxe5
Nf5 8. Qxd8+ Kxd8 9. h3 Bd7 10. Rd1 Be7 11. g4 Nh4 12. Nxh4 Bxh4 13. Nd2
Kc8 14. Nf3 Bd8 15. Bg5 f6 16. exf6 gxf6 17. Bh6 a5 18. Rd2 c5 19. Rad1 Be6
20. a3 Ra6 21. Kh2 Rb6 22. Kg3 Rg8 23. Re1 f5 24. g5 Ba2 25. Kf4 Rxb2 26.
c4 Rxd2 27. Nxd2 a4 28. Ra1 Bb3 29. Nxb3 axb3 30. Rb1 Re8 31. Rxb3 Re2 32.
f3 Rh2 33. Kxf5 Rxh3 34. Bg7 c6 35. Be5 b5 36. cxb5 c4 37. Rb4 Rxf3+ 38.
Ke4 Rxa3 39. bxc6 Bc7 40. Rxc4 Rh3 41. Rc5 Bxe5 42. Rxe5 Kc7 43. Re6 Rh1
44. Ke5 Rh2 45. Kf6 Rh5 46. Kf5 Rh1 47. Rf6 Rh2 48. Ke6 Rh5 49. Rf7+ Kxc6
50. Kf6 Kd6 51. Ra7 Kc6 52. Ra6+ Kd7 53. Ra7+ Kd6 54. Ra6+ Kd7 55. Ra7+ Kd6
56. Ra6+ Kd7 1/2-1/2

[Event "Superbet ROM Classic 2024"]
[Site "Bucharest ROU"]
[Date "2024.06.28"]
[Round "3"]
[White "Abdusattorov,Nodirbek"]
[Black "Caruana,F"]
[Result "1/2-1/2"]
[WhiteElo "2766"]
[BlackElo "2805"]
[EventDate "2024.06.25"]

1. d4 Nf6 2. Nf3 e6 3. Bf4 Be7 4. e3 Nh5 5. Bg3 d6 6. c4 Nd7 7. Nc3 O-O 8.
Qc2 g6 9. O-O-O a6 10. Kb1 b5 11. cxb5 axb5 12. Bxb5 Nb6 13. d5 Nxd5 14.
Nxd5 exd5 15. Nd4 c5 16. Nc6 Qc7 17. Rxd5 Nxg3 18. hxg3 Bb7 19. Nxe7+ Qxe7
20. Rhd1 Bxd5 21. Rxd5 Rfb8 22. a4 Rb6 23. e4 Qb7 24. Rd2 Qe7 25. Rd5 Qb7
26. Rd2 Qe7 27. Rd5 Qb7 1/2-1/2

[Event "Superbet ROM Classic 2024"]
[Site "Bucharest ROU"]
[Date "2024.06.28"]
[Round "3"]
[White "So,W"]
[Black "Deac,Bogdan-Daniel"]
[Result "1/2-1/2"]
[WhiteElo "2757"]
[BlackElo "2680"]
[EventDate "2024.06.25"]

1. Nf3 d5 2. g3 g6 3. Bg2 Bg7 4. d4 Nf6 5. c4 dxc4 6. Na3 c5 7. O-O Nc6 8.
dxc5 Qxd1 9. Rxd1 Be6 10. Be3 Nd7 11. Nd4 Nxd4 12. Bxd4 Bxd4 13. Rxd4 O-O-O
14. Nxc4 Nxc5 15. Rxd8+ Rxd8 16. Na5 Rd7 17. Rc1 Kb8 18. b3 Na6 19. a3 Bd5
20. Rd1 Nc7 21. f4 Kc8 22. e4 b6 23. exd5 bxa5 24. Rc1 Rd6 25. Rc5 Rb6 26.
Rxa5 Rxb3 27. Rxa7 Rb1+ 28. Kf2 Rb2+ 29. Kg1 Rb1+ 30. Bf1 Nxd5 31. Kf2 Rb2+
32. Kf3 Nc7 33. Be2 h5 34. Ra4 e6 35. Rb4 Ra2 36. Rb3 Nd5 37. h4 Kc7 38.
Bc4 Rc2 39. Bd3 Ra2 40. Bc4 Rc2 41. Bd3 Ra2 42. Ke4 Kd6 43. Kd4 Rd2 44. Kc4
Kc6 45. Be4 Re2 46. Bf3 Re1 47. Kd4 Kd6 48. Bxd5 exd5 49. Rb6+ Ke7 50. Kxd5
Re3 51. a4 Ra3 52. Rb4 Rxg3 53. a5 Ra3 54. Rb5 Ra4 55. Kc5 Kd7 56. Kb6 Kc8
57. a6 Kb8 58. f5 Rxh4 59. Re5 Rb4+ 60. Ka5 Rf4 61. Re8+ Ka7 62. Re7+ Ka8
63. Re8+ Ka7 64. Re7+ Ka8 65. Re8+ Ka7 66. Re7+ Ka8 67. Re8+ Ka7 68. Re7+
1/2-1/2

[Event "Superbet ROM Classic 2024"]
[Site "Bucharest ROU"]
[Date "2024.06.29"]
[Round "4"]
[White "Nepomniachtchi,I"]
[Black "So,W"]
[Result "1/2-1/2"]
[WhiteElo "2770"]
[BlackElo "2757"]
[EventDate "2024.06.25"]

1. e4 e5 2. Nf3 Nc6 3. Bb5 Nf6 4. d3 Bc5 5. c3 O-O 6. O-O d6 7. h3 a6 8.
Ba4 h6 9. Re1 Re8 10. Nbd2 b5 11. Bc2 a5 12. Nf1 d5 13. d4 dxe4 14. dxc5
Qxd1 15. Bxd1 exf3 16. Bxf3 Bb7 17. Ne3 a4 18. Nc2 Na5 19. Be2 Be4 20. Nb4
c6 21. Bf1 Rac8 22. Be3 Bd5 23. g4 Nc4 24. Rab1 Be4 25. Rbd1 Nxb2 26. Rd6
Re6 27. Rxe6 fxe6 28. g5 hxg5 29. Bxg5 Bf5 30. Rxe5 Ne4 31. Be3 Nc4 32.
Bxc4 bxc4 33. Bd4 Ng5 34. Kg2 Bxh3+ 35. Kg3 Bf5 36. f3 Kf7 37. Re2 Nh7 38.
Rd2 Nf6 39. Bxf6 Kxf6 40. Rd6 a3 41. Nxc6 Bb1 42. Nd4 Rxc5 43. Rxe6+ Kf7
44. Ra6 Rg5+ 45. Kf2 Bxa2 46. Rxa3 Bb1 47. Ra7+ Kf6 48. Ra6+ Kf7 49. f4 Rg4
50. Kf3 Rg1 51. Ke3 g5 52. Ra7+ Kf6 53. Ra6+ Kf7 54. Ra7+ Kf6 55. Ra6+ Kf7
1/2-1/2

[Event "Superbet ROM Classic 2024"]
[Site "Bucharest ROU"]
[Date "2024.06.29"]
[Round "4"]
[White "Caruana,F"]
[Black "Deac,Bogdan-Daniel"]
[Result "1-0"]
[WhiteElo "2805"]
[BlackElo "2680"]
[EventDate "2024.06.25"]

1. d4 Nf6 2. c4 e6 3. Nc3 Bb4 4. e3 O-O 5. a3 Bxc3+ 6. bxc3 c5 7. Bd3 Nc6
8. Rb1 d6 9. Ne2 e5 10. O-O Re8 11. f3 b6 12. e4 cxd4 13. cxd4 Nxd4 14.
Nxd4 exd4 15. Bg5 Re5 16. Bh4 Qe7 17. Be2 Ra5 18. Rb3 Ba6 19. Qxd4 Qe5 20.
Rd1 Qxd4+ 21. Rxd4 Ne8 22. Be1 Rc5 23. Bb4 Rc6 24. f4 Rac8 25. Rc3 R8c7 26.
Kf2 h5 27. h3 g6 28. a4 Rc8 29. Ke3 Bb7 30. f5 gxf5 31. exf5 Nf6 32. Kf4 d5
33. Be7 Re8 34. Re3 1-0

[Event "Superbet ROM Classic 2024"]
[Site "Bucharest ROU"]
[Date "2024.06.29"]
[Round "4"]
[White "Abdusattorov,Nodirbek"]
[Black "Vachier Lagrave,M"]
[Result "1/2-1/2"]
[WhiteElo "2766"]
[BlackElo "2732"]
[EventDate "2024.06.25"]

1. e4 c5 2. Nf3 d6 3. d4 cxd4 4. Nxd4 Nf6 5. Nc3 a6 6. Qd3 Nbd7 7. Be2 b5
8. O-O Bb7 9. b4 e6 10. a4 bxa4 11. Qg3 Qc8 12. Ra3 h5 13. h4 e5 14. Nf3
Bxe4 15. Ng5 Bc6 16. Nxa4 Be7 17. c4 Rb8 18. Bd2 O-O 19. Nc3 Nb6 20. Rc1
Bb7 21. Qd3 Qc6 22. Bf3 Qxc4 23. Nd5 Bxd5 24. Rxc4 Bxc4 25. Qc2 g6 26. Be3
Bb5 27. Bxb6 Rxb6 28. Ne6 Rfb8 29. Nc7 Kg7 30. Nd5 Rc6 31. Qd2 Nxd5 32.
Bxd5 Rc7 33. Rc3 Rxc3 34. Qxc3 Bxh4 35. Qc7 Rf8 36. g3 Bf6 37. Kg2 h4 38.
gxh4 Bxh4 39. f3 Bg5 40. Kf2 Bf4 41. Qxd6 Rc8 42. Qe7 Rc2+ 43. Kg1 Rc1+ 44.
Kg2 Rc2+ 45. Kg1 Rc1+ 46. Kg2 Rc2+ 47. Kg1 Rc1+ 1/2-1/2

[Event "Superbet ROM Classic 2024"]
[Site "Bucharest ROU"]
[Date "2024.06.29"]
[Round "4"]
[White "Firouzja,Alireza"]
[Black "Gukesh,D"]
[Result "1/2-1/2"]
[WhiteElo "2737"]
[BlackElo "2763"]
[EventDate "2024.06.25"]

1. d4 d5 2. c4 dxc4 3. e4 e5 4. Nf3 exd4 5. Bxc4 Bb4+ 6. Nbd2 Nc6 7. O-O
Nf6 8. e5 Nd5 9. Nb3 Nb6 10. Bb5 Qd5 11. Nbxd4 O-O 12. Bxc6 bxc6 13. Qc2 c5
14. Nf5 c4 15. a3 Bc5 16. Be3 Bxf5 17. Qxf5 Bxe3 18. fxe3 Qe6 19. Qxe6 fxe6
20. Nd4 Nd5 21. Rfe1 Rfb8 22. Rac1 Rxb2 23. Rxc4 Rf8 24. Nxe6 Nxe3 25. Rxc7
Rxg2+ 26. Kh1 Rff2 27. Rxe3 Rxh2+ 28. Kg1 Rhg2+ 29. Kh1 Rh2+ 30. Kg1 Rhg2+
31. Kh1 Rh2+ 1/2-1/2

[Event "Superbet ROM Classic 2024"]
[Site "Bucharest ROU"]
[Date "2024.06.29"]
[Round "4"]
[White "Praggnanandhaa,R"]
[Black "Giri,A"]
[Result "1-0"]
[WhiteElo "2747"]
[BlackElo "2745"]
[EventDate "2024.06.25"]

1. d4 d5 2. c4 dxc4 3. Nf3 Nf6 4. e3 e6 5. Bxc4 c5 6. O-O a6 7. Be2 Nbd7 8.
Nbd2 Be7 9. dxc5 Bxc5 10. Qc2 O-O 11. Rd1 Qe7 12. b3 b6 13. Ne4 Nxe4 14.
Qxe4 Rb8 15. Bb2 Bb7 16. Qf4 Rbd8 17. Rac1 Nf6 18. Bd3 Rd5 19. b4 Bd6 20.
Bxf6 Qxf6 21. Qxf6 gxf6 22. e4 Rxd3 23. Rxd3 Bxb4 24. Rc4 a5 25. Rd7 Bc8
26. Ra7 e5 27. h3 Be6 28. Rc2 Rd8 29. g4 Bc5 30. Kg2 Kg7 31. Nh4 h5 32.
Nf5+ Bxf5 33. gxf5 Rd4 34. Re2 Rd3 35. h4 Rd1 36. Rc2 Rd4 37. f3 Kf8 38.
Ra8+ Ke7 39. Ra7+ Kf8 40. Kg3 a4 41. Rg2 a3 42. Kh2 Rd8 43. Kh3 Bb4 44. Rb7
Bc5 45. Rc7 Be3 46. Rgc2 Bc5 47. Rc4 Ra8 48. Rb7 Ke8 49. Kg2 Kf8 50. Kf1
Ra5 51. Ke2 Ra8 52. Kd3 Rd8+ 53. Kc2 Kg7 54. Rc3 Bf2 55. Rcc7 Rf8 56. Kd3
Bxh4 57. Ke2 Bg3 58. Kf1 h4 59. Kg2 Bf4 60. Kh3 Be3 61. Rd7 Bc5 62. Kxh4
Rh8+ 63. Kg3 Rf8 64. Kg2 Be3 65. Kf1 Bd4 66. Ke2 Bc5 67. Kd3 Bd4 68. Kc4
Rc8+ 69. Rbc7 Rf8 70. Kb5 Kg8 71. Ra7 Bc5 72. Rab7 Kg7 73. Kc6 Be3 74. Rdc7
Bd4 75. Kd7 Kh6 76. Rc8 Rxc8 77. Kxc8 Kg5 78. Kd7 Kf4 79. Kc6 Kxf3 80. Kd5
1-0